007140000a22001930004500090001300000245015000013260000900163044001300172041001400185690002000199690004100219690002600260610006700286610005400353100004100407942001300448773004200461999001700503 aSeriadas10aLas aves del Jardín Botánico de Bogotá José Celestino Mutis y del Parque Distrital Simón Bolivarsrecuento de los últimos ocho años c2005 aColombia0 aEspañol aAvifauna992441 aConservación de biodiversidad9345 aCensos de aves99553814aJardín Botánico de Bogotá José Celestino Mutis910055414aAsociación Bogotana de OrnitologíasABO952381 aEcheverry G., María Angela9100555 cARTICULO1 tPérez Arbelaeziah16q115-133d2005 c16308d16308